Hokrův technický slovník naučný /

Na minha lista:
Detalhes bibliográficos
Main Authors: Dobrovolný, Bohumil (Author), Andrlík, K (Author)
Formato: Livro
Idioma:tcheco
Publicado em: Praha : J.Hokr, 1947
Assuntos:
Tags: Adicionar Tag
Sem tags, seja o primeiro a adicionar uma tag!

MARC

LEADER 00000nam a22000003a 4500
001 stu35583
005 20150617225731.3
008 920429s1947----cs------------------cze-d
040 |a STU  |b slo 
041 0 |a cze 
044 |a cs 
080 |a 62(038)  |7 stu_us_auth*stu8387 
100 1 |a Dobrovolný, Bohumil  |4 aut 
245 1 |a Hokrův technický slovník naučný /  |c [aut.]B. Dobrovolný, K. Andrlík 
260 |a Praha :  |b J.Hokr,  |c 1947 
300 |a 574 s 
650 7 |a technika  |2 stusub 
650 7 |a slovníky  |2 stusub 
650 7 |a Slovníky technické  |2 stusub 
700 1 |a Andrlík, K  |4 aut 
996 |b 284M015749  |c M*3720-1  |l MMKN  |s A  |a 24  |w stu35583_0001